[Event "Asia-ch Blitz U20"]
[Site "Jamshedpur"]
[Date "2023.09.15"]
[Round "4"]
[White "Kadam, Arnav"]
[Black "Alekhya, Mukhopadhyay"]
[Result "0-1"]
[WhiteElo "1548"]
[BlackElo "1899"]
[PlyCount "104"]
[EventDate "2023.09.15"]
[EventType "swiss (blitz)"]
[EventRounds "9"]
[EventCountry "IND"]
[SourceTitle "EXT 2024"]
[Source "ChessBase"]
[SourceDate "2023.10.10"]
[SourceVersion "1"]
[SourceVersionDate "2023.10.10"]
[SourceQuality "1"]

1. e4 c5 2. Nf3 e6 3. d4 cxd4 4. Nxd4 Nc6 5. Nc3 Qc7 6. f4 a6 7. Nxc6 Qxc6 8. Bd3 b5 9. Qe2 Bb7 10. 0-0 b4 11. Nd1 Nf6 12. c3 Nxe4 13. f5 Bc5+ 14. Kh1 h5 15. fxe6 dxe6 16. Rf4 Nf6 17. cxb4 Bd6 18. b5 Qd5 19. Nc3 Qe5 20. Qxe5 Bxe5 21. Rf1 Ng4 22. Bf4 Bd4 23. bxa6 Bxa6 24. Bxa6 Rxa6 25. Nb5 Bb6 26. h3 Nf6 27. Be5 Nd5 28. Bxg7 Rg8 29. Be5 Ne3 30. Rfc1 Kd7 31. g3 Ra5 32. a4 Rga8 33. b3 Nd5 34. Bc3 Nxc3 35. Nxc3 Bd4 36. Rab1 e5 37. Nb5 f5 38. Rc7+ Ke6 39. Rh7 Rg8 40. Kh2 Bf2 41. Rh6+ Kd5 42. Rxh5 Bxg3+ 43. Kh1 f4 44. Rd1+ Ke4 45. Nc3+ Kf3 46. Rd3+ Kf2 47. Ne4+ Ke2 48. Rc3 Rd5 49. Nxg3+ fxg3 50. Kg2 Rd2 51. h4 Kd1+ 52. Kh3 Rh2# 0-1

[Event "Asia-ch Blitz U20"]
[Site "Jamshedpur"]
[Date "2023.09.15"]
[Round "6"]
[White "Kadam, Arnav"]
[Black "Dhyey, Agarwal"]
[Result "0-1"]
[WhiteElo "1548"]
[BlackElo "2178"]
[PlyCount "66"]
[EventDate "2023.09.15"]
[EventType "swiss (blitz)"]
[EventRounds "9"]
[EventCountry "IND"]
[SourceTitle "EXT 2024"]
[Source "ChessBase"]
[SourceDate "2023.10.10"]
[SourceVersion "1"]
[SourceVersionDate "2023.10.10"]
[SourceQuality "1"]

1. e4 e5 2. Nf3 Nc6 3. d4 exd4 4. Nxd4 g6 5. Be3 Bg7 6. c3 Nf6 7. Nd2 0-0 8. Bc4 d5 9. exd5 Nxd5 10. Bxd5 Qxd5 11. N2f3 Bg4 12. 0-0 Rad8 13. Qa4 Bxf3 14. Nxf3 b5 15. Qc2 Ne5 16. Rad1 Nxf3+ 17. gxf3 Qxf3 18. Bc5 Rfe8 19. Qc1 Be5 20. Rxd8 Qg4+ 21. Kh1 Rxd8 22. f4 Bf6 23. f5 Qe4+ 24. Kg1 Rd5 25. Rf4 Qe2 26. Bf2 Rd1+ 27. Qxd1 Qxd1+ 28. Kg2 gxf5 29. Rf3 Qc2 30. Rg3+ Kh8 31. Re3 f4 32. Re8+ Kg7 33. h4 Bxh4 0-1

[Event "Asia-ch Blitz U20"]
[Site "Jamshedpur"]
[Date "2023.09.15"]
[Round "1"]
[White "Liyanage, Ranindu Dilshan"]
[Black "Kadam, Arnav"]
[Result "1-0"]
[WhiteElo "2210"]
[BlackElo "1548"]
[PlyCount "51"]
[EventDate "2023.09.15"]
[EventType "swiss (blitz)"]
[EventRounds "9"]
[EventCountry "IND"]
[SourceTitle "EXT 2024"]
[Source "ChessBase"]
[SourceDate "2023.10.10"]
[SourceVersion "1"]
[SourceVersionDate "2023.10.10"]
[SourceQuality "1"]

1. e4 c6 2. c4 d5 3. exd5 cxd5 4. d4 Nf6 5. Nc3 Nc6 6. Nf3 Bg4 7. Be3 e6 8. c5 Be7 9. Bb5 0-0 10. 0-0 Qc7 11. h3 Bh5 12. a3 Rad8 13. Be2 e5 14. b4 exd4 15. Nxd4 Bxe2 16. Qxe2 Rfe8 17. Qf3 Ne5 18. Qg3 Ne4 19. Nxe4 dxe4 20. Nf5 Bf6 21. Rad1 Qc6 22. Bd4 Qe6 23. Nd6 Re7 24. Rfe1 Nc4 25. Bxf6 Nxd6 26. Qxg7# 1-0

[Event "Asia-ch U20"]
[Site "Jamshedpur"]
[Date "2023.09.10"]
[Round "2"]
[White "Bizhigitov, Zhangir"]
[Black "Kadam, Arnav"]
[Result "1-0"]
[WhiteElo "2233"]
[BlackElo "1680"]
[PlyCount "71"]
[EventDate "2023.09.09"]
[EventType "swiss"]
[EventRounds "9"]
[EventCountry "IND"]
[SourceTitle "EXT 2024"]
[Source "ChessBase"]
[SourceDate "2023.10.10"]
[SourceVersion "1"]
[SourceVersionDate "2023.10.10"]
[SourceQuality "1"]

1. e4 c6 2. d4 d5 3. e5 Bf5 4. h4 h5 5. c4 e6 6. Nc3 dxc4 7. Bxc4 Nd7 8. Nge2 Be7 9. Ng3 Bg6 10. Nge4 Nh6 11. Bxh6 Rxh6 12. g3 Qb6 13. Be2 Rd8 14. Qa4 Bxe4 15. Nxe4 Qxb2 16. Rd1 a5 17. Kf1 Bb4 18. Nd6+ Bxd6 19. exd6 Nb6 20. Qxa5 Rxd6 21. Rd2 Nc4 22. Qa8+ Rd8 23. Rxb2 Rxa8 24. Bxc4 b5 25. Be2 Rd8 26. Bf3 Rd6 27. Kg2 g6 28. Rc1 Kd7 29. Rbc2 Rxd4 30. Bxc6+ Ke7 31. Bxb5 Rh8 32. Rc8 Rxc8 33. Rxc8 Rd2 34. a4 Ra2 35. Rc7+ Kf6 36. Be8 1-0

[Event "Asia-ch U20"]
[Site "Jamshedpur"]
[Date "2023.09.10"]
[Round "3"]
[White "Kadam, Arnav"]
[Black "Adireddy, Arjun"]
[Result "1/2-1/2"]
[WhiteElo "1680"]
[BlackElo "2057"]
[PlyCount "74"]
[EventDate "2023.09.09"]
[EventType "swiss"]
[EventRounds "9"]
[EventCountry "IND"]
[SourceTitle "EXT 2024"]
[Source "ChessBase"]
[SourceDate "2023.10.10"]
[SourceVersion "1"]
[SourceVersionDate "2023.10.10"]
[SourceQuality "1"]

1. e4 c5 2. Nf3 e6 3. d4 cxd4 4. Nxd4 Nc6 5. Nc3 Qc7 6. f4 a6 7. Nxc6 Qxc6 8. Bd3 Bc5 9. Qe2 d6 10. Be3 b5 11. 0-0 Bb7 12. Kh1 Bxe3 13. Qxe3 Nf6 14. Qg3 0-0 15. e5 Nh5 16. Qg4 g6 17. Ne4 dxe5 18. fxe5 Rad8 19. Qh3 Rd5 20. Rae1 Rxe5 21. Nf6+ Nxf6 22. Rxe5 Nd7 23. Re2 f5 24. c3 e5 25. Bc2 Re8 26. Rd1 Nf6 27. Bb3+ Kh8 28. Bf7 Re7 29. Bxg6 f4 30. Bh5 e4 31. Rd8+ Kg7 32. Qf5 Kh6 33. Bg4 f3 34. Qf4+ Kg6 35. Qf5+ Kh6 36. Qf4+ Kg6 37. Qf5+ Kh6 1/2-1/2

[Event "Asia-ch Rapid U20"]
[Site "Jamshedpur"]
[Date "2023.09.08"]
[Round "9"]
[White "Siddhant, Nath Jha"]
[Black "Kadam, Arnav"]
[Result "0-1"]
[WhiteElo "1469"]
[BlackElo "1458"]
[PlyCount "71"]
[EventDate "2023.09.08"]
[EventType "swiss (rapid)"]
[EventRounds "9"]
[EventCountry "IND"]
[SourceTitle "EXT 2024"]
[Source "ChessBase"]
[SourceDate "2023.10.10"]
[SourceVersion "1"]
[SourceVersionDate "2023.10.10"]
[SourceQuality "1"]

1. e4 d6 2. d4 Nf6 3. Bd3 g6 4. f4 Bg7 5. Nf3 Nc6 6. c3 0-0 7. 0-0 Bg4 8. h3 Bxf3 9. Qxf3 Nd7 10. f5 e5 11. d5 Ncb8 12. Qg3 c6 13. Be3 cxd5 14. exd5 Nc5 15. Bxc5 dxc5 16. Be4 Qd6 17. Nd2 b5 18. Bf3 Nd7 19. Ne4 Qb6 20. Bg4 Nf6 21. Nxf6+ Bxf6 22. fxg6 hxg6 23. Qf2 Bg7 24. Bf3 Rad8 25. Rad1 b4 26. cxb4 Qxb4 27. a3 Qb5 28. d6 e4 29. Bxe4 Bd4 30. Rxd4 cxd4 31. Qxd4 Qd7 32. Rf6 Kh7 33. Bd5 Rde8 34. Rf4 Re1+ 35. Kf2 g5 36. Kxe1 0-1

[Event "Asia-ch Rapid U20"]
[Site "Jamshedpur"]
[Date "2023.09.08"]
[Round "1"]
[White "Vignesh, B."]
[Black "Kadam, Arnav"]
[Result "1-0"]
[WhiteElo "1984"]
[BlackElo "1458"]
[PlyCount "113"]
[EventDate "2023.09.08"]
[EventType "swiss (rapid)"]
[EventRounds "9"]
[EventCountry "IND"]
[SourceTitle "EXT 2024"]
[Source "ChessBase"]
[SourceDate "2023.10.10"]
[SourceVersion "1"]
[SourceVersionDate "2023.10.10"]
[SourceQuality "1"]

1. e4 d6 2. f4 Nf6 3. Nc3 g6 4. d4 Bg7 5. e5 Nfd7 6. Nf3 0-0 7. h4 dxe5 8. dxe5 Nb6 9. Be3 Nc6 10. Qe2 Be6 11. Rd1 Qe8 12. h5 Bc4 13. Qf2 Bxf1 14. Kxf1 Nc4 15. Bc1 Rd8 16. Rxd8 Qxd8 17. hxg6 fxg6 18. Rxh7 N4xe5 19. Rxg7+ Kxg7 20. fxe5 Nxe5 21. Ke2 Qd6 22. Qd4 Rf5 23. Ne4 Qxd4 24. Nxd4 Rh5 25. Bf4 c6 26. Ne6+ Kf7 27. Nd8+ Ke8 28. Nxb7 Nc4 29. b3 Nb6 30. c4 Rh4 31. Kf3 Nd7 32. Na5 c5 33. Nb7 e5 34. Be3 Rh1 35. Nbxc5 Nf8 36. Nd3 Ra1 37. Bxa7 Rxa2 38. Bb8 Ne6 39. Bxe5 Rd2 40. Ndc5 Nxc5 41. Nxc5 Rd1 42. Ke2 Rb1 43. Bc3 Ke7 44. b4 Rc1 45. Ne4 Rg1 46. g3 Rb1 47. Kd3 Rd1+ 48. Kc2 Rg1 49. b5 Kd7 50. c5 Kc7 51. Be5+ Kc8 52. c6 Re1 53. Kd3 Rb1 54. Kc4 Re1 55. Kd5 Rb1 56. Nc3 Rb3 57. Bd4 1-0

[Event "Bhubaneswar op-A 14th"]
[Site "Bhubaneswar"]
[Date "2023.06.15"]
[Round "6"]
[White "Arshpreet, Singh"]
[Black "Kadam, Arnav"]
[Result "1-0"]
[WhiteElo "1888"]
[BlackElo "1582"]
[PlyCount "87"]
[EventDate "2023.06.11"]
[EventType "swiss"]
[EventRounds "10"]
[EventCountry "IND"]
[SourceTitle "CBM 214 Extra"]
[Source "ChessBase"]
[SourceDate "2023.07.31"]
[SourceVersion "1"]
[SourceVersionDate "2023.07.31"]
[SourceQuality "1"]

1. e4 d6 2. d4 Nf6 3. Nc3 g6 4. f3 a6 5. Be3 b5 6. Qd2 h6 7. 0-0-0 c6 8. Kb1 Qc7 9. Bd3 Nbd7 10. h3 Bg7 11. f4 Nb6 12. Qf2 Nfd7 13. Nf3 Bb7 14. f5 gxf5 15. Nh4 fxe4 16. Nxe4 Nd5 17. Rhf1 N7f6 18. Nf5 Rg8 19. Nxg7+ Rxg7 20. Nxf6+ Nxf6 21. Bxh6 Rg8 22. g4 0-0-0 23. g5 Nd5 24. Qxf7 c5 25. Be4 Nb6 26. d5 a5 27. Rfe1 Kb8 28. c3 Na4 29. g6 c4 30. Bc2 Rge8 31. g7 b4 32. Bg5 bxc3 33. Rxe7 Rxe7 34. Qxe7 Qxe7 35. Bxe7 Rg8 36. Bxd6+ Ka7 37. Bf8 Nc5 38. a3 cxb2 39. Kxb2 Nb3 40. Bxb3 cxb3 41. Kxb3 Ba6 42. d6 Bb7 43. d7 Bc6 44. d8Q 1-0

[Event "Bhubaneswar op-A 14th"]
[Site "Bhubaneswar"]
[Date "2023.06.14"]
[Round "5"]
[White "Kadam, Arnav"]
[Black "Gaikwad, Manas"]
[Result "1-0"]
[WhiteElo "1582"]
[BlackElo "1811"]
[PlyCount "66"]
[EventDate "2023.06.11"]
[EventType "swiss"]
[EventRounds "10"]
[EventCountry "IND"]
[SourceTitle "CBM 214 Extra"]
[Source "ChessBase"]
[SourceDate "2023.07.31"]
[SourceVersion "1"]
[SourceVersionDate "2023.07.31"]
[SourceQuality "1"]

1. e4 c5 2. Nc3 a6 3. g3 b5 4. Bg2 Bb7 5. f4 e6 6. Nh3 b4 7. Na4 f5 8. 0-0 fxe4 9. f5 exf5 10. Rxf5 Nf6 11. Nf2 Be7 12. Nxc5 Bxc5 13. Rxc5 d5 14. c3 Nfd7 15. cxb4 Nxc5 16. Qh5+ Kf8 17. bxc5 Nd7 18. b4 Nf6 19. Qe5 Qe7 20. Qd4 Kf7 21. Bb2 Rhf8 22. Ng4 Kg8 23. Ne5 Rad8 24. a4 Ne8 25. c6 Nd6 26. cxb7 Qxb7 27. Nc6 Rc8 28. Qxd5+ Nf7 29. b5 Rfd8 30. Qxe4 Re8 31. Qd4 Nh6 32. bxa6 Qc7 33. Be4 Kh8 1-0